000 01387nam a2200325 i 4500
003 EG-GICUC
005 20260121101537.0
008 251224s1964 ua ||||fr|||| 00| 0 ara d
040 _a EG-GICUC
_bara
_c EG-GICUC
_d EG-GICUC
_erda
041 0 _aara
082 0 4 _221
_a345.455
_bا ل . ن
092 0 4 _221
099 _aLaw1 07 345.455 ا ل . ن 1964
100 0 _aالسيد علي
_eمؤلف.
245 1 0 _aالنظام القانوني للعاملين في القطاع العام :
_bالمؤسسات العامة والشركات التابعة لها /
_cالسيد على، محمود الهمشرى.
250 _aالطبعة الثانية
264 1 _aالقاهرة :
_bمكتبة الانجلو المصرية،
_c1964.
300 _a416 ؛ صفحة
_c24 سم.
336 _2rda content
_atext
337 _2rda media
_aComputer
338 _2rda carrier
_aOnline Resource
500 _a
546 _aالنص باللغة العربية
650 1 4 _aالنظام القانوني للعاملين في القطاع العام
_xالقانون الإداري
651 1 _2qrmak
700 _aمحمود الهمشرى
_eمؤلف.
856 4 0 _uhttps://fll.law.cu.edu.eg/fulltext/bks/B07-01206.pdf
905 _a75
942 _2ddc
_cBK
_e21
_n0
999 _c52453
_d52453